Statistics for North American Sports Champions 1980's

Click here to take the quiz!

General Stats

  • This quiz has been taken 139 times
  • The average score is 17 of 23

Answer Stats

Team% Correct
Los Angeles Lakers
97%
Boston Celtics
94%
New York Giants
89%
Los Angeles Dodgers
87%
Edmonton Oilers
85%
San Francisco 49ers
84%
Montreal Canadiens
82%
Chicago Bears
80%
Detroit Pistons
79%
Washington Redskins
79%
New York Mets
78%
New York Islanders
75%
Oakland Raiders
75%
Los Angeles Raiders
74%
St. Louis Cardinals
70%
Oakland Athletics
68%
Kansas City Royals
67%
Philadelphia Phillies
64%
Philadelphia 76ers
62%
Minnesota Twins
60%
Detroit Tigers
59%
Baltimore Orioles
55%
Calgary Flames
54%

Score Distribution

Percentile by Number Answered

Percent of People with Each Score

Your Score History

You have not taken this quiz